000 00737nam a22002057a 4500
999 _c13832
_d13832
003 AR-CdUCM
008 190416b ||||| |||| 00| 0 spa d
040 _aMUNICIPALIDAD PROVINCIAL DEL CUSCO
_cBIBLIOTECA MUNICIPAL DEL CUSCO
082 _aC / 558.5 /
_bV42 /
245 _aEl oro del Perú /
260 _bBiblioteca popular,
300 _a22 paginas ;
_bIlustraciones,
_c22 cm.
505 _aContenido :Oro y dioses del Perú --Las antiguas culturas del Perú --El oro del rescate --La poca moneda que había en España entes de la conquista del Perú ...
650 _aPeru
_9429
650 _aOro
_932394
650 _aConquista
_91045
700 _aJuan Jose Vega
_932395
942 _2ddc
_cLIBROS
945 _arjall
_d2019-04-16